[Event "Pan American-ch School U15 12th"]
[Site "Callao"]
[Date "2023.10.16"]
[Round "2"]
[White "Alfaro Zambrano, Luis Fabricio"]
[Black "Pariona Palomino, Miguel Angel"]
[Result "1/2-1/2"]
[WhiteElo "1754"]
[BlackElo "1381"]
[PlyCount "24"]
[EventDate "2023.10.16"]
[EventType "swiss"]
[EventRounds "9"]
[EventCountry "PER"]
[SourceTitle "Mega2024 Update 01"]
[Source "Chessbase"]
[SourceDate "2023.11.12"]
[SourceVersion "1"]
[SourceVersionDate "2023.11.12"]
[SourceQuality "1"]

1. e4 e5 2. Nf3 Nc6 3. Nc3 Nf6 4. g3 Be7 5. Bg2 d6 6. h3 h6 7. d3 Be6 8. Be3 d5 9. exd5 Nxd5 10. Nxd5 Bxd5 11. 0-0 0-0 12. Ne1 f5 1/2-1/2

[Event "PER-ch"]
[Site "Lima"]
[Date "2023.09.01"]
[Round "5"]
[White "Delgado Romero, Marco"]
[Black "Alfaro Zambrano, Luis Fabricio"]
[Result "1-0"]
[WhiteElo "2329"]
[BlackElo "1695"]
[PlyCount "35"]
[EventDate "2023.08.29"]
[EventType "swiss"]
[EventRounds "9"]
[EventCountry "PER"]
[SourceTitle "EXT 2024"]
[Source "ChessBase"]
[SourceDate "2023.10.10"]
[SourceVersion "1"]
[SourceVersionDate "2023.10.10"]
[SourceQuality "1"]

1. e4 e6 2. d4 d5 3. Nd2 Be7 4. Bd3 Nf6 5. e5 Nfd7 6. Ne2 c5 7. c3 Nc6 8. Nf3 Rb8 9. h4 b5 10. Nf4 cxd4 11. cxd4 Bb4+ 12. Kf1 Qb6 13. Be3 Bf8 14. Ng5 g6 15. h5 Bh6 16. Nxf7 Kxf7 17. hxg6+ hxg6 18. Nxg6 1-0

[Event "PER-ch"]
[Site "Lima"]
[Date "2023.08.30"]
[Round "3"]
[White "Pillaca Cabrera, Rodrigo Gerardo"]
[Black "Alfaro Zambrano, Luis Fabricio"]
[Result "1/2-1/2"]
[WhiteElo "1949"]
[BlackElo "1695"]
[PlyCount "139"]
[EventDate "2023.08.29"]
[EventType "swiss"]
[EventRounds "9"]
[EventCountry "PER"]
[SourceTitle "EXT 2024"]
[Source "ChessBase"]
[SourceDate "2023.10.10"]
[SourceVersion "1"]
[SourceVersionDate "2023.10.10"]
[SourceQuality "1"]

1. d4 d5 2. Bf4 Nf6 3. e3 e6 4. Nd2 Bd6 5. Ngf3 0-0 6. Bd3 c5 7. c3 Qc7 8. Bxd6 Qxd6 9. Ne5 Nc6 10. f4 Nd7 11. 0-0 f5 12. Ndf3 c4 13. Bc2 Ndxe5 14. fxe5 Qe7 15. b3 b5 16. Nd2 Qa3 17. Rc1 Bd7 18. Bb1 Qe7 19. Qf3 Be8 20. Kh1 Qh4 21. bxc4 Bh5 22. Qf4 Qxf4 23. exf4 dxc4 24. Rfe1 Ne7 25. Nf1 Nd5 26. g3 Bf3+ 27. Kg1 Nb6 28. Kf2 Bc6 29. Ne3 Rfd8 30. Bc2 Rab8 31. Rb1 a6 32. h3 g6 33. g4 Kh8 34. Rg1 Rd7 35. a4 Nd5 36. Nxd5 Bxd5 37. Rb4 Bc6 38. Rgb1 Rf8 39. Ke3 Rfd8 40. R4b2 Rb7 41. axb5 axb5 42. Ra1 Rdb8 43. Ra6 Rb6 44. Rxb6 Rxb6 45. Ra2 b4 46. cxb4 Rxb4 47. Kd2 Bd5 48. Kc3 Rb6 49. Ra5 Rb8 50. gxf5 gxf5 51. Bxf5 Rb3+ 52. Kc2 Rf3 53. Bg4 Rxf4 54. Kc3 Re4 55. Ra1 Re3+ 56. Kb4 Kg7 57. Rc1 Kg6 58. Rc3 Re1 59. Kc5 Ra1 60. Be2 Kf5 61. Bxc4 Bxc4 62. Rxc4 Ke4 63. Kd6 Ra6+ 64. Rc6 Ra4 65. Kxe6 Kxd4 66. Kf6 Kd5 67. Rd6+ Kc5 68. Rd8 Rf4+ 69. Kg7 Re4 70. Kf7 1/2-1/2

[Event "Pan American-ch U10"]
[Site "Guayaquil"]
[Date "2019.07.22"]
[Round "3"]
[White "Lavandeira, Juan Facundo"]
[Black "Alfaro Zambrano, Luis Fabricio"]
[Result "1-0"]
[WhiteElo "1536"]
[BlackElo "1122"]
[PlyCount "42"]
[EventDate "2019.07.21"]
[EventType "swiss"]
[EventRounds "9"]
[EventCountry "ECU"]
[SourceTitle "EXT 2020"]
[Source "ChessBase"]
[SourceDate "2019.10.17"]
[SourceVersion "1"]
[SourceVersionDate "2019.10.17"]
[SourceQuality "1"]

1. d4 Nf6 2. c4 g6 3. Nc3 Bg7 4. e4 d6 5. f4 0-0 6. Nf3 c5 7. d5 Nbd7 8. Bd3 Ne8 9. f5 Ne5 10. Nxe5 Bxe5 11. Bh6 Bg7 12. Bxg7 Nxg7 13. 0-0 Bd7 14. Qd2 a6 15. Qh6 Qe8 16. Rf3 f6 17. Rh3 gxf5 18. Qxh7+ Kf7 19. Be2 Rg8 20. Bh5+ Kf8 21. Bxe8 Rxe8 1-0